Countries that contain W - Statistics

General Stats
  • This quiz has been taken 84 times
    36 since last reset
  • The average score is 9 of 12
Answer Stats
Hint Answer % Correct
Oceania New Zealand
93%
Europe Switzerland
89%
Africa Eswatini
85%
Europe Sweden
85%
Africa Malawi
74%
Africa Zimbabwe
70%
Oceania Papua New Guinea
67%
Asia Kuwait
63%
Europe Norway
63%
Africa Rwanda
63%
Africa Botswana
59%
Asia Taiwan
52%
No matching quizzes found
Score Distribution
Percent of People with Each Score
Percentile by Number Answered
Your Score History
You have not taken this quiz since the last reset